| 000 | 01040nmm a2200313 a 4500 | ||
|---|---|---|---|
| 001 | ocm0001232178 | ||
| 003 | TR-IsHL | ||
| 005 | 20201028155929.0 | ||
| 008 | 150709s2013 tu tur | ||
| 007 | cr cn | ||
| 035 |
_a1232178 _b(N$T) |
||
| 050 | 0 | 4 |
_aHD30.213 _b.Ş46 2013 |
| 090 | 0 | 4 |
_aHD30.213 _b.Ş46 2013 |
| 100 | 1 | _aŞencan, Erdal | |
| 245 | 1 | 0 |
_aBilgi yönetimi ve sanal halkla ilişkiler _h[electronic resource] / _cErdal Şencan |
| 260 |
_aKonya : _bEğitim Akademi Yayınevi, _c2013 |
||
| 300 | _a202 p. | ||
| 500 |
_aKaynakça var. _x |
||
| 650 | 4 | _aİşletme ve Yönetim | |
| 650 | 4 | _aBusiness and Management | |
| 650 | 0 | _aBilgi yönetimi | |
| 650 | 0 | _aKnowledge management | |
| 650 | 0 | _aYönetim bilişim sistemleri | |
| 650 | 0 | _aManagement information systems | |
| 650 | 0 | _aSanal iş takımları | |
| 650 | 0 | _aVirtual work teams | |
| 650 | 7 |
_aBUSINESS & ECONOMICS / Knowledge Capital _2bisacsh |
|
| 856 | 4 | 0 | _uhttp://search.ebscohost.com/login.aspx?direct=true&scope=site&db=e011xww&AN=1232178 |
| 999 |
_c13338 _d13338 |
||